Understanding Central America /
En este libro se explora a profundidad el origen y desarrollo de los conflictos políticos de la región centroamericana y los esfuerzos por resolverlos. Se incluye un énfasis en los cambios de régimen desde la década de 1970 hasta los años 90s; los acuerdos de paz en Guatemala y El Salvador en 1992 y...
Збережено в:
| Автор: | |
|---|---|
| Інші автори: | |
| Формат: | Невідомо |
| Мова: | English |
| Опубліковано: |
Colorado :
Westview Press
1999
|
| Редагування: | 3° edición |
| Предмети: | |
| Теги: |
Додати тег
Немає тегів, Будьте першим, хто поставить тег для цього запису!
|
MARC
| LEADER | 00000 a2200000 04500 | ||
|---|---|---|---|
| 001 | 42010 | ||
| 003 | CRAI/IIS | ||
| 005 | 20210608184257.0 | ||
| 008 | 050621s1999 cou eng d | ||
| 020 | |a 081333070X | ||
| 040 | |a Centro de Recursos para el aprendizaje y la Investigación |c CRAI/IIS |b Español | ||
| 090 | |a 01.04.03 B725u | ||
| 100 | |a Booth, John A. | ||
| 245 | |a Understanding Central America / |c John A Booth ; Thomas W. Walker | ||
| 250 | |a 3° edición | ||
| 260 | |a Colorado : |b Westview Press |c 1999 | ||
| 300 | |a 267 páginas | ||
| 500 | |a Colección Centroamérica | ||
| 520 | |a En este libro se explora a profundidad el origen y desarrollo de los conflictos políticos de la región centroamericana y los esfuerzos por resolverlos. Se incluye un énfasis en los cambios de régimen desde la década de 1970 hasta los años 90s; los acuerdos de paz en Guatemala y El Salvador en 1992 y 1996; las elecciones de la década de 1990 (incluyendo la de Nicaragua de 1996); las relaciones de los Estados Unidos con la Centro América de la post Guerra Fría y una evaluación de los nuevos regímenes civiles democráticos de la región. | ||
| 590 | |a DISEMINAR092011 |a Clasificación del SIBDI 32010928 B725u3DISEMINAR082011/RRA/SETIEMBRE2011 | ||
| 650 | |a AMERICA CENTRAL |0 TESAUROS | ||
| 650 | |a CONFLICTOS POLITICOS |0 TESAUROS | ||
| 650 | |a CONDICIONES SOCIALES |0 TESAUROS | ||
| 650 | |a HISTORIA SOCIAL |0 TESAUROS | ||
| 650 | |a REVOLUCION |0 TESAUROS | ||
| 650 | |a DEMOCRATIZACION |0 TESAUROS | ||
| 650 | |a ANALISIS COMPARATIVO |0 TESAUROS | ||
| 650 | |a PODER POLITICO |0 TESAUROS | ||
| 650 | |a ESTADOS UNIDOS |0 TESAUROS | ||
| 700 | |a Walker, Thomas W. | ||
| 942 | |2 ddc |c LI |h 01.04.03 B725u |k 01.04.03 |m B725u |6 010403_B725U | ||
| 999 | |c 2625 |d 2625 | ||



